[Event "Smith & Williamson YM 9th"]
[Site "Witley"]
[Date "1999.07.22"]
[Round "7"]
[White "Dearing, Eddie"]
[Black "Trifunovic, Aleksandar"]
[Result "0-1"]
[WhiteElo "2295"]
[BlackElo "2262"]
[PlyCount "90"]
[EventDate "1999.07.17"]
[EventType "swiss"]
[EventRounds "9"]
[EventCountry "ENG"]
[SourceTitle "CBM 071 Extra"]
[Source "ChessBase"]
[SourceDate "1999.09.14"]
[SourceVersion "1"]
[SourceVersionDate "1999.09.14"]
[SourceQuality "1"]

1. d4 Nf6 2. c4 e6 3. Nc3 d5 4. cxd5 exd5 5. Bg5 Be7 6. e3 0-0 7. Bd3 c6 8. Qc2 Nbd7 9. Nge2 Re8 10. f3 Nf8 11. 0-0 c5 12. Rad1 Be6 13. Bh4 Rc8 14. Bf2 Ng6 15. Qd2 a6 16. g4 Bd6 17. h3 cxd4 18. exd4 Qc7 19. Be3 Qe7 20. Kf2 Bxg4 21. Bxg6 Bxh3 22. Bg5 Bxf1 23. Bxh7+ Kxh7 24. Rxf1 Qe6 25. Rh1+ Kg8 26. Qd3 g6 27. Nf4 Bxf4 28. Bxf4 Nd7 29. Qf1 f6 30. Qg1 Qf5 31. Rh4 Nf8 32. Bd6 Qe6 33. Bf4 Qf5 34. Qh1 g5 35. Rh8+ Kf7 36. Bd6 Ne6 37. Qh5+ Qg6 38. Rh7+ Ng7 39. Qh3 g4 40. Qh1 gxf3 41. Kxf3 Rxc3+ 42. bxc3 Qd3+ 43. Kg4 Qf5+ 44. Kg3 Re3+ 45. Kg2 Qf3+ 0-1

[Event "Smith & Williamson YM 9th"]
[Site "Witley"]
[Date "1999.07.17"]
[Round "1"]
[White "Trifunovic, Aleksandar"]
[Black "Vallin, Guillaume"]
[Result "0-1"]
[WhiteElo "2262"]
[BlackElo "2378"]
[PlyCount "96"]
[EventDate "1999.07.17"]
[EventType "swiss"]
[EventRounds "9"]
[EventCountry "ENG"]
[SourceTitle "CBM 071 Extra"]
[Source "ChessBase"]
[SourceDate "1999.09.14"]
[SourceVersion "1"]
[SourceVersionDate "1999.09.14"]
[SourceQuality "1"]

1. d4 e6 2. Nf3 Nf6 3. c4 d5 4. Nc3 Bb4 5. Bg5 h6 6. Bxf6 Qxf6 7. Rc1 Nc6 8. cxd5 exd5 9. e3 0-0 10. a3 Bxc3+ 11. Rxc3 Qg6 12. g3 Re8 13. Bg2 Qd6 14. 0-0 Ne7 15. Ne5 c6 16. b4 Be6 17. Qb3 Rec8 18. Rfc1 b6 19. Bf1 f6 20. Nd3 g5 21. a4 Kg7 22. b5 h5 23. Qb2 h4 24. Nb4 c5 25. dxc5 bxc5 26. Na6 hxg3 27. hxg3 d4 28. exd4 cxd4 29. Rc7 Kg6 30. Bd3+ f5 31. Qb4 Qxb4 32. Nxb4 Kf6 33. R7c5 Rxc5 34. Rxc5 Rc8 35. Rxc8 Bxc8 36. Bc4 Ke5 37. Nd3+ Kd6 38. Kf1 Bb7 39. Ke2 Bd5 40. Bxd5 Nxd5 41. Nc1 Nc3+ 42. Kd3 Kd5 43. a5 Nxb5 44. Ne2 a6 45. f3 Kc5 46. g4 f4 47. Ng1 Nc7 48. Nh3 Ne6 0-1

[Event "BCF-chT 9697 (4NCL)"]
[Site "England"]
[Date "1997.??.??"]
[Round "10.3"]
[White "Trifunovic, Aleksandar"]
[Black "Quillan, Gary"]
[Result "0-1"]
[WhiteElo "2250"]
[BlackElo "2320"]
[PlyCount "62"]
[EventDate "1996.10.??"]
[EventType "team"]
[EventRounds "12"]
[EventCountry "ENG"]
[SourceTitle "EXT 1999"]
[Source "ChessBase"]
[SourceDate "1998.11.16"]
[SourceVersion "1"]
[SourceVersionDate "1998.11.16"]
[SourceQuality "1"]
[WhiteTeam "Richmond"]
[BlackTeam "NW Eagles"]
[WhiteTeamCountry "ENG"]
[BlackTeamCountry "ENG"]

1. d4 e6 2. Nf3 Nf6 3. c4 c5 4. d5 exd5 5. cxd5 d6 6. Nc3 g6 7. e4 Bg7 8. h3 0-0 9. Bd3 Re8 10. 0-0 a6 11. a4 Nbd7 12. Re1 Qe7 13. a5 h6 14. Bc2 g5 15. Na4 Rb8 16. Ra3 Kf8 17. Rb3 g4 18. hxg4 Nxg4 19. Bf4 Nde5 20. Nb6 c4 21. Rb4 h5 22. Nxe5 Bxe5 23. Qf3 Qh4 24. Rxc4 Nh2 25. Bh6+ Kg8 26. Qe3 Kh8 27. Bg5 Nf3+ 28. Qxf3 Qh2+ 29. Kf1 Bg4 30. Bf6+ Kg8 31. Bxe5 Rxe5 0-1

[Event "BCF-chT 9697 (4NCL)"]
[Site "England"]
[Date "1997.??.??"]
[Round "5.4"]
[White "Trifunovic, Aleksandar"]
[Black "Truran, Michael C"]
[Result "1/2-1/2"]
[WhiteElo "2250"]
[BlackElo "2255"]
[PlyCount "132"]
[EventDate "1996.10.??"]
[EventType "team"]
[EventRounds "12"]
[EventCountry "ENG"]
[SourceTitle "EXT 1999"]
[Source "ChessBase"]
[SourceDate "1998.11.16"]
[SourceVersion "1"]
[SourceVersionDate "1998.11.16"]
[SourceQuality "1"]
[WhiteTeam "Richmond"]
[BlackTeam "Witney"]
[WhiteTeamCountry "ENG"]
[BlackTeamCountry "ENG"]

1. d4 d5 2. c4 dxc4 3. Nf3 Nf6 4. Nc3 c6 5. e4 b5 6. e5 Nd5 7. a4 e6 8. axb5 Nxc3 9. bxc3 cxb5 10. Ng5 Bb7 11. Qh5 g6 12. Qg4 Be7 13. Be2 Nd7 14. Rb1 Bd5 15. Rxb5 Nb6 16. 0-0 a5 17. Ne4 h5 18. Qf4 a4 19. Nd6+ Bxd6 20. exd6 a3 21. Bd2 f6 22. Bf3 Kf7 23. h4 Ra6 24. Ra1 Qd7 25. Rc5 Ra7 26. Rxa3 Rxa3 27. Rc7 Ra7 28. Rxd7+ Rxd7 29. Bc1 Bxf3 30. Qxf3 Nd5 31. Ba3 Ra8 32. Bc5 Ra1+ 33. Kh2 Rc1 34. Qe2 Rxc3 35. Qa2 Rb3 36. Qa4 Rbb7 37. Qxc4 Rb8 38. Qa4 Rbb7 39. Qa8 Kg7 40. Qe8 e5 41. dxe5 fxe5 42. Qxe5+ Nf6 43. Bd4 Rf7 44. Qe6 Rb4 45. Be5 Rxh4+ 46. Kg1 Rb4 47. d7 Rb1+ 48. Kh2 Rd1 49. Bxf6+ Rxf6 50. Qe7+ Rf7 51. d8Q Rxd8 52. Qxd8 Rxf2 53. Qd4+ Rf6 54. Qe5 Kf7 55. Kg3 Rf5 56. Qc7+ Kg8 57. Kh4 Kh8 58. Qc8+ Kg7 59. Qd7+ Kh6 60. Qd6 Kg7 61. Qd4+ Kh7 62. g3 Rf7 63. Qe5 Kg8 64. Qd5 Kg7 65. Qd4+ Kh7 66. Qc3 Rf5 1/2-1/2

[Event "Richmond Chess In 2nd"]
[Site "Richmond"]
[Date "1995.??.??"]
[Round "5"]
[White "Maduekwe, Chiedu U"]
[Black "Trifunovic, Aleksandar"]
[Result "1-0"]
[WhiteElo "2270"]
[BlackElo "2230"]
[PlyCount "87"]
[EventDate "1995.??.??"]
[EventType "tourn"]
[EventRounds "9"]
[EventCountry "ENG"]
[EventCategory "3"]
[SourceTitle "EXT 2001"]
[Source "ChessBase"]
[SourceDate "2000.11.22"]
[SourceVersion "1"]
[SourceVersionDate "2000.11.22"]
[SourceQuality "1"]

1. d4 Nf6 2. c4 g6 3. Nf3 Bg7 4. g3 0-0 5. Bg2 d6 6. 0-0 Nbd7 7. Nc3 e5 8. e4 c6 9. b3 exd4 10. Nxd4 Re8 11. h3 Nc5 12. Re1 Qb6 13. Bf4 Ncxe4 14. Bxe4 Nxe4 15. Nxe4 Bxh3 16. Nf3 Bg4 17. Qd3 Bxf3 18. Qxf3 Bxa1 19. Rxa1 Qd4 20. Nc3 Qf6 21. Qd3 Re6 22. Rd1 Rae8 23. Kg2 h5 24. Be3 a6 25. Ne2 b5 26. Nd4 Re4 27. Nxc6 bxc4 28. bxc4 Qb2 29. Rd2 Qb7 30. Qd5 Qd7 31. c5 h4 32. cxd6 hxg3 33. Ne7+ R8xe7 34. dxe7 Qxe7 35. Qd8+ Qxd8 36. Rxd8+ Kh7 37. Kxg3 Ra4 38. Bd4 g5 39. Kg4 f6 40. Kf5 Rxa2 41. Kxf6 g4 42. Be5 Re2 43. Kf5 Rxf2+ 44. Kg5 1-0

[Event "Richmond Chess In 2nd"]
[Site "Richmond"]
[Date "1995.??.??"]
[Round "2"]
[White "Summerscale, Aaron"]
[Black "Trifunovic, Aleksandar"]
[Result "0-1"]
[WhiteElo "2435"]
[BlackElo "2230"]
[PlyCount "86"]
[EventDate "1995.??.??"]
[EventType "tourn"]
[EventRounds "9"]
[EventCountry "ENG"]
[EventCategory "3"]
[SourceTitle "EXT 2001"]
[Source "ChessBase"]
[SourceDate "2000.11.22"]
[SourceVersion "1"]
[SourceVersionDate "2000.11.22"]
[SourceQuality "1"]

1. d4 Nf6 2. Bg5 g6 3. Bxf6 exf6 4. e3 Bg7 5. Bd3 d6 6. Ne2 Nd7 7. h4 h5 8. Nd2 f5 9. Nf4 Nf6 10. c3 0-0 11. Qb3 Kh8 12. Nf3 c6 13. Bc4 Qe7 14. Ng5 d5 15. Be2 Ne4 16. c4 Nxg5 17. hxg5 Be6 18. cxd5 Bxd5 19. Nxd5 cxd5 20. g3 Rfd8 21. Kf1 Qe4 22. Rh4 Qe6 23. Rc1 Rac8 24. Rxc8 Qxc8 25. Kg2 Kg8 26. Rh1 Qc6 27. Rd1 Bf8 28. Rd2 Be7 29. Rc2 Qd7 30. f4 Kg7 31. Bf3 Bf8 32. Rc3 Be7 33. Be2 Bf8 34. Bb5 Qe7 35. Qc2 Qe6 36. Kf2 Bd6 37. Be2 Rh8 38. Bf3 h4 39. Qb3 hxg3+ 40. Kxg3 Bxf4+ 41. exf4 Qe1+ 42. Kg2 Rh1 43. Qd1 Rg1+ 0-1

[Event "Hastings Masters"]
[Site "Hastings"]
[Date "1995.??.??"]
[Round "7"]
[White "Trifunovic, Aleksandar"]
[Black "Lewis, Andrew P"]
[Result "0-1"]
[WhiteElo "2230"]
[BlackElo "2335"]
[PlyCount "104"]
[EventDate "1995.08.??"]
[EventType "swiss"]
[EventRounds "9"]
[EventCountry "ENG"]
[SourceTitle "CBM 048 Extra"]
[Source "ChessBase"]
[SourceDate "1995.11.01"]
[SourceVersion "1"]
[SourceVersionDate "1995.11.01"]
[SourceQuality "1"]

1. d4 Nf6 2. Nf3 g6 3. g3 Bg7 4. Bg2 0-0 5. c4 d6 6. Nc3 Nbd7 7. 0-0 e5 8. e4 c6 9. Rb1 a5 10. h3 Re8 11. Re1 a4 12. Nxa4 exd4 13. Nxd4 d5 14. cxd5 cxd5 15. Nc3 Nxe4 16. Nxe4 dxe4 17. Nb5 Nc5 18. Nd6 Re6 19. Nxc8 Qxc8 20. Bf1 Nd3 21. Bxd3 exd3 22. Rxe6 Qxe6 23. Qxd3 h5 24. Be3 Rxa2 25. Kh2 Kh7 26. h4 Qf6 27. Qd5 Rxb2 28. Rxb2 Qxb2 29. Qxf7 b5 30. Bc5 Qe5 31. Bf8 Qf6 32. Qxf6 Bxf6 33. Bb4 Kg7 34. Kg2 Kf7 35. Kf3 Ke6 36. Ke4 Be5 37. Be1 Bd6 38. f3 b4 39. g4 b3 40. Bc3 Be7 41. gxh5 gxh5 42. Bb2 Bxh4 43. f4 Bf6 44. Ba3 h4 45. f5+ Kd7 46. Kf4 Kc6 47. Kg4 Kd5 48. Bc1 Ke4 49. Ba3 Ke3 50. Bc5+ Ke2 51. Ba3 Kf1 52. Kh3 Kf2 0-1

[Event "Hastings Masters"]
[Site "Hastings"]
[Date "1995.??.??"]
[Round "5"]
[White "Trifunovic, Aleksandar"]
[Black "Poldauf, Dirk"]
[Result "0-1"]
[WhiteElo "2230"]
[BlackElo "2415"]
[PlyCount "78"]
[EventDate "1995.08.??"]
[EventType "swiss"]
[EventRounds "9"]
[EventCountry "ENG"]
[SourceTitle "CBM 048 Extra"]
[Source "ChessBase"]
[SourceDate "1995.11.01"]
[SourceVersion "1"]
[SourceVersionDate "1995.11.01"]
[SourceQuality "1"]

1. d4 Nf6 2. Nf3 g6 3. g3 Bg7 4. Bg2 0-0 5. c4 d6 6. Nc3 Nbd7 7. 0-0 e5 8. e4 exd4 9. Nxd4 Re8 10. h3 Nc5 11. Re1 a5 12. Qc2 a4 13. Be3 c6 14. Rab1 Qe7 15. b4 axb3 16. axb3 Bd7 17. f3 Nh5 18. b4 Na6 19. Qf2 f5 20. exf5 gxf5 21. f4 Nxb4 22. Rxb4 Bxd4 23. Bxd4 Qxe1+ 24. Qxe1 Rxe1+ 25. Kf2 c5 26. Bd5+ Kf8 27. Bxc5 dxc5 28. Rxb7 Re7 29. Rxd7 Rxd7 30. Bxa8 Rd2+ 31. Ne2 Nxg3 32. Kxg3 Rxe2 33. Bd5 Re3+ 34. Kg2 Ke7 35. Bg8 Kf6 36. Bd5 Kg6 37. Bf3 Rd3 38. Bd5 Rxd5 39. cxd5 Kf6 0-1

[Event "Isle of Man op"]
[Site "Isle of Man"]
[Date "1994.??.??"]
[Round "1"]
[White "Sahl, Bjarke"]
[Black "Trifunovic, Aleksandar"]
[Result "1-0"]
[WhiteElo "2440"]
[BlackElo "2225"]
[PlyCount "81"]
[EventDate "1994.09.??"]
[EventType "swiss"]
[EventRounds "9"]
[EventCountry "IOM"]
[SourceTitle "EXT 1997"]
[Source "ChessBase"]
[SourceDate "1996.11.15"]
[SourceVersion "1"]
[SourceVersionDate "1996.11.15"]
[SourceQuality "1"]

1. e4 Nf6 2. e5 Nd5 3. Bc4 Nb6 4. Bb3 d5 5. d4 Bf5 6. Ne2 e6 7. Ng3 Bg6 8. 0-0 c5 9. c3 h5 10. h3 Nc6 11. Be3 cxd4 12. cxd4 Nc4 13. Bxc4 dxc4 14. Nc3 Bd3 15. Nge2 Nb4 16. Rc1 Rc8 17. Re1 a6 18. Nf4 g6 19. a3 Nc6 20. d5 exd5 21. Ncxd5 Bg7 22. Bb6 Qg5 23. Nxd3 cxd3 24. Nf6+ Bxf6 25. exf6+ Kf8 26. Qxd3 Qxf6 27. Bd4 Qd8 28. Qc3 Rh7 29. Bf6 Qc7 30. Re7 Qxe7 31. Bxe7+ Nxe7 32. Qd2 Rxc1+ 33. Qxc1 f6 34. Qc7 Rf7 35. Qxb7 Nf5 36. Qxa6 h4 37. a4 Kg7 38. a5 Rd7 39. Qb6 Rd1+ 40. Kh2 Nd6 41. a6 1-0

[Event "Isle of Man op"]
[Site "Isle of Man"]
[Date "1994.??.??"]
[Round "6"]
[White "Shaw, John"]
[Black "Trifunovic, Aleksandar"]
[Result "1/2-1/2"]
[WhiteElo "2300"]
[BlackElo "2225"]
[PlyCount "125"]
[EventDate "1994.09.??"]
[EventType "swiss"]
[EventRounds "9"]
[EventCountry "IOM"]
[SourceTitle "EXT 1997"]
[Source "ChessBase"]
[SourceDate "1996.11.15"]
[SourceVersion "1"]
[SourceVersionDate "1996.11.15"]
[SourceQuality "1"]

1. e4 Nf6 2. e5 Nd5 3. g3 d6 4. exd6 exd6 5. Bg2 Nf6 6. Ne2 d5 7. 0-0 Be7 8. d3 0-0 9. Nbc3 c6 10. Rb1 a5 11. h3 Nbd7 12. Be3 Re8 13. Qd2 Nf8 14. Kh2 Ne6 15. Nd4 Nxd4 16. Bxd4 Be6 17. Na4 Nd7 18. f4 f6 19. Qf2 Bd6 20. Rbe1 Qc7 21. Nb6 Nxb6 22. Bxb6 Qd7 23. Re2 Bf7 24. Rxe8+ Bxe8 25. Re1 Bf7 26. Bc5 Re8 27. Rxe8+ Bxe8 28. a3 Bxc5 29. Qxc5 Qd8 30. Kg1 b6 31. Qe3 Bf7 32. c3 Qc7 33. Kf2 Kf8 34. h4 c5 35. d4 c4 36. g4 Qd7 37. Kg3 a4 38. Bf3 b5 39. g5 Qe6 40. Qd2 f5 41. h5 g6 42. hxg6 hxg6 43. Kf2 Ke7 44. Qc1 Kd6 45. Qh1 Qe8 46. Kg3 Kc6 47. Kf2 Kd6 48. Qh6 Qg8 49. Bd1 Kd7 50. Bc2 Kc7 51. Qh3 Qe8 52. Bb1 Kd7 53. Qh7 Qg8 54. Qh6 Kc7 55. Kf3 Kd7 56. Qh1 Qe8 57. Bc2 Kc7 58. Qd1 Qh8 59. Qe1 Qh3+ 60. Ke2 Qg2+ 61. Kd1 Qf3+ 62. Qe2 Qxe2+ 63. Kxe2 1/2-1/2

[Event "Isle of Man op"]
[Site "Isle of Man"]
[Date "1994.??.??"]
[Round "9"]
[White "Trifunovic, Aleksandar"]
[Black "Arkell, Keith C"]
[Result "0-1"]
[WhiteElo "2225"]
[BlackElo "2470"]
[PlyCount "66"]
[EventDate "1994.09.??"]
[EventType "swiss"]
[EventRounds "9"]
[EventCountry "IOM"]
[SourceTitle "EXT 1997"]
[Source "ChessBase"]
[SourceDate "1996.11.15"]
[SourceVersion "1"]
[SourceVersionDate "1996.11.15"]
[SourceQuality "1"]

1. d4 Nf6 2. Nf3 e6 3. c4 c5 4. e3 cxd4 5. exd4 d6 6. Nc3 g6 7. Be2 Bg7 8. 0-0 0-0 9. h3 a6 10. Be3 Nbd7 11. Rc1 Re8 12. b4 b6 13. d5 e5 14. Nd2 Kh8 15. Nb3 Bf8 16. Qd2 Ng8 17. Kh1 f5 18. f4 Bh6 19. a4 a5 20. bxa5 bxa5 21. fxe5 Bxe3 22. Qxe3 Rxe5 23. Qd4 Ba6 24. c5 Bxe2 25. Nxe2 Rb8 26. Rf3 Ndf6 27. c6 Rb4 28. Qd3 Nxd5 29. Ned4 Nc7 30. Nxa5 Rxa5 31. Ne6 Nxe6 32. Qc3+ Rd4 33. c7 Qxc7 0-1

[Event "Lloyds Bank op 18th"]
[Site "London"]
[Date "1994.??.??"]
[Round "2"]
[White "Trifunovic, Aleksandar"]
[Black "King, Daniel J"]
[Result "0-1"]
[WhiteElo "2225"]
[BlackElo "2495"]
[PlyCount "98"]
[EventDate "1994.08.??"]
[EventType "swiss"]
[EventRounds "10"]
[EventCountry "ENG"]
[SourceTitle "EXT 2000"]
[Source "ChessBase"]
[SourceDate "1999.11.16"]
[SourceVersion "1"]
[SourceVersionDate "1999.11.16"]
[SourceQuality "1"]

1. d4 g6 2. Nf3 Bg7 3. g3 Nf6 4. Bg2 0-0 5. 0-0 d6 6. c4 c6 7. Nc3 Bf5 8. Ne1 Qd7 9. e4 Bh3 10. f3 Na6 11. Be3 Bxg2 12. Kxg2 b5 13. cxb5 cxb5 14. Nd3 Rab8 15. Qd2 Rfc8 16. Rfc1 e6 17. Ne2 Qd8 18. Rxc8 Rxc8 19. a4 b4 20. Rc1 b3 21. Qd1 Rb8 22. Rc3 d5 23. e5 Nd7 24. Rxb3 Nb6 25. Rc3 Nc4 26. Bc1 Qb6 27. b3 Na5 28. Ba3 Bf8 29. Nc5 Bxc5 30. dxc5 Qc7 31. f4 Nc6 32. Nd4 Nab4 33. Nb5 Qa5 34. Bxb4 Qxb4 35. Qd3 Kg7 36. Kh3 a6 37. Nc7 d4 38. Rc2 Qxb3 39. Qxb3 Rxb3 40. Nxa6 Rb7 41. Kg2 Ra7 42. Rb2 Rxa6 43. Rb6 Rxb6 44. cxb6 Kf8 45. b7 Ke7 46. a5 Kd7 47. Kf3 Kc7 48. a6 Kb6 49. Ke4 Kxa6 0-1